Biblioteca

Life on the highest plane (Registro nro. 34745)

Detalles MARC
000 -LÍDER
Campo fijo de descripción fija 01093aam a2200313 i 4500
001 - NÚMERO DE CONTROL
Campo de control 4132
003 - IDENTIFICADOR DEL NÚMERO DE CONTROL
Campo de control CO-MdFUSB
005 - FECHA Y HORA DE LA ULTIMA TRANSACCIÓN
control field 20230829115515.0
007 - CAMPO FIJO DE DESCRIPCIÓN FIJA--INFORMACIÓN GENERAL
Campo fijo de descripción fija ta
008 - ELEMENTOS DE LONGITUD FIJA -- INFORMACIÓN GENERAL
Campo fijo de descripción fija -- Información general 230829t1928 us a|||g |||| 00| 0 eng d
040 ## - FUENTE DE CATALOGACIÓN
Idioma de catalogación spa
Agencia de catalogación original CO-MdFUSB
Agencia que realiza la transcripción CO-MdFUSB
Agencia que realiza la modificación CO-MdFUSBC
Convenciones de la descripción rda
041 ## - CÓDIGO DE IDIOMA
Código de idioma para texto/pista de sonido o título separado eng
082 04 - NÚMERO DE CLASIFICACIÓN DECIMAL DEWEY
Número de la edición del Dewey 23
Número de clasificación 234.8
Clave de autor-Numero de item P341h
100 1# - ASIENTO PRINCIPAL--NOMBRE PERSONAL
Nombre personal Paxson, Ruth
Término relacionador autor
245 10 - TÍTULO
Título del Material Life on the highest plane
Parte restante del título - Subtitulo : A study of the spiritual nature and needs of man
Mención de responsabilidad, etc. / Ruth Paxson
264 #4 - PRODUCCIÓN, PUBLICACIÓN, DISTRIBUCIÓN, MANUFACTURA, Y COPYRIGHT
Lugar de producción, publicación, distribución, manufactura Chicago, IL, USA :
Nombre del productor, publicador, distribuidor Moody Press,
Fecha de producción, publicación, distribución, manufactura, o copyright ©1928
300 ## - DESCRIPCIÓN FÍSICA
Extensión Vol. 1 264 páginas, Vol. 2 246 páginas, 306 páginas
Dimensiones ; 21 cm
336 ## - TIPO DE CONTENIDO
Término de tipo de contenido texto
Código de tipo de contenido txt
Fuente rdacontent
337 ## - TIPO DE MEDIO
Fuente rdamedia
Nombre del tipo de medio sin mediación
Código del tipo de medio n
338 ## - TIPO DE SOPORTE
Fuente rdacarrier
Nombre del tipo de soporte volumen
Código Tipo de soporte nc
504 ## - NOTA DE BIBLIOGRAFÍA, ETC.
Nota de bibliografía, etc Incluye bibliografías
505 ## - NOTA DE CONTENIDO
Nota de contenido con formato preestablecido Vol. 1: La persona y obra de Cristo -- Vol. 2: La relación entre Cristo y el cristiano -- Vol. 3: La respuesta del creyente a la acción del Espíritu Santo
563 ## - NOTA DE ENCUADERNACIÓN
Nota de encuadernación tapa dura
650 14 - ASIENTO SECUNDARIO DE MATERIA - TERMINO TEMÁTICO
Término temático o nombre geográfico como elemento de entrada VIDA CRISTIANA
650 17 - ASIENTO SECUNDARIO DE MATERIA - TERMINO TEMÁTICO
Término temático o nombre geográfico como elemento de entrada Cristología
9 (RLIN) 239
942 ## - TIPO DE MATERIAL (KOHA)
Tipo de Item KOHA Libros General
945 ## - INFORMACIÓN LOCAL DEL REGISTRO
Catalogador AF
Existencias
Estado de Material Estado de Perdido Forma de Clasificación Estado de Dañado No para Préstamo Colección Tomo Biblioteca de Origen Biblioteca Permanente Fecha de Adquisición Total de Préstamos Signatura Topográfica Código de Barras Última vez visto Ejemplar/Existencia Fecha de Remplazo Tipo de Material
    Dewey Decimal Classification     Colección General   Biblioteca FUSBC Biblioteca FUSBC 05/12/2004   G 234.8 P341h 3359 12/12/2019 Ej. 1 26/01/2016 Libros General

Biblioteca FUSBC | Teléfono: (57+4) 349 88 10 Ext. 141| WhatsApp (+57) 3005338115 
E-mail: biblioteca@unisbc.edu.co | Calle 76 87-14 Robledo Palenque, Medellín, Colombia

Con tecnología Koha